[Event "10th EICC"]
[Site "Budva MNE"]
[Date "2009.03.06"]
[Round "1"]
[White "Fernandes,Ant"]
[Black "Mamedov,Rau"]
[Result "0-1"]
[WhiteElo "2422"]
[BlackElo "2638"]
[EventDate "2009.03.06"]

1. d4 g6 2. e4 Bg7 3. Nc3 a6 4. Be3 d6 5. g3 Nf6 6. h3 Nbd7 7. Bg2 e5 8.
Nge2 O-O 9. O-O exd4 10. Bxd4 Re8 11. Nf4 c6 12. Qd2 Ne5 13. b3 b5 14. Rad1
Qc7 15. Be3 Bf8 16. g4 b4 17. Nce2 a5 18. Nd3 Nxd3 19. cxd3 Ba6 20. Rc1 Nd7
21. d4 Bb5 22. Rfe1 Qd8 23. f4 Rc8 24. Ng3 c5 25. Bf1 Bxf1 26. Kxf1 Bg7 27.
Qd3 a4 28. Red1 axb3 29. axb3 cxd4 30. Bxd4 Rxc1 31. Rxc1 Bxd4 32. Qxd4 Nc5
33. Rd1 Qb8 34. Qd5 Qa7 35. Re1 Qa2 36. Qxd6 Qc2 37. Qd1 Qc3 38. Kg2 Nd3
39. Rf1 Ra8 40. Ne2 Ra2 41. Kh1 Qd2 42. Qxd2 Rxd2 43. Nc1 Nf2+ 44. Kg2
Nxg4+ 45. Kg3 Nf6 46. Kf3 Rh2 47. e5 Nh5 48. Ke3 Rxh3+ 49. Kd4 Rc3 50. Nd3
Rxb3 51. Rc1 Ng3 52. Rc4 h5 53. Nxb4 Nf5+ 54. Ke4 Re3+ 55. Kd5 h4 56. Nc2
Re2 57. Rc8+ Kg7 0-1

[Event "10th EICC"]
[Site "Budva MNE"]
[Date "2009.03.06"]
[Round "1"]
[White "Navara,D"]
[Black "Jakovljevic,Vlado"]
[Result "1-0"]
[WhiteElo "2638"]
[BlackElo "2420"]
[EventDate "2009.03.06"]

1. e4 e5 2. Nf3 Nf6 3. Nxe5 d6 4. Nf3 Nxe4 5. d4 d5 6. Bd3 Bd6 7. O-O O-O
8. c4 c6 9. Re1 Bf5 10. Qb3 Qd7 11. c5 Bc7 12. Nbd2 Be6 13. Nf1 Na6 14. a3
Rae8 15. Qc2 f5 16. b4 Nb8 17. Rb1 h6 18. Ne5 Bxe5 19. dxe5 f4 20. f3 Ng5
21. h4 Nf7 22. Bxf4 g5 23. hxg5 Nxg5 24. Bxg5 hxg5 25. Ng3 Qe7 26. Bg6 Rd8
27. Nf5 Bxf5 28. Bxf5 Nd7 29. e6 1-0

[Event "10th EICC"]
[Site "Budva MNE"]
[Date "2009.03.06"]
[Round "1"]
[White "Rukavina,J"]
[Black "Aleksandrov,A"]
[Result "1-0"]
[WhiteElo "2417"]
[BlackElo "2636"]
[EventDate "2009.03.06"]

1. Nf3 e6 2. g3 b5 3. Bg2 Bb7 4. O-O Nf6 5. b3 c5 6. c4 a6 7. e3 Be7 8. Bb2
O-O 9. Nc3 b4 10. Na4 a5 11. d4 cxd4 12. Nxd4 Bxg2 13. Kxg2 Na6 14. Qf3 Nc5
15. Nxc5 Bxc5 16. Rad1 a4 17. Rd2 axb3 18. axb3 Ra2 19. Ne2 Qa8 20. Qxa8
Rfxa8 21. Nc1 Ne4 22. Rc2 R2a7 23. Rd1 Be7 24. Nd3 f5 25. c5 Rc8 26. Rdc1
Ra5 27. Bd4 Ra3 28. Rb2 Kf7 29. Rc4 g5 30. f3 Nf6 31. Rxb4 Ke8 32. Ra4 Rxa4
33. bxa4 Nd5 34. e4 Nc7 35. Rb7 Na6 36. Rb5 Ra8 37. Rb7 Nb8 38. exf5 Nc6
39. f6 Nxd4 40. fxe7 Rxa4 41. Ne5 Ra2+ 42. Kf1 Rxh2 43. Nxd7 Kxe7 44. Ne5+
Kf8 45. c6 Nxc6 46. Nxc6 h6 47. Nd4 e5 48. Nc6 h5 49. Nxe5 h4 50. gxh4 gxh4
51. Ng4 Ra2 52. Rh7 Ra1+ 53. Kg2 1-0

[Event "10th EICC"]
[Site "Budva MNE"]
[Date "2009.03.06"]
[Round "1"]
[White "Kurmann,O"]
[Black "Kobalia,M"]
[Result "0-1"]
[WhiteElo "2415"]
[BlackElo "2634"]
[EventDate "2009.03.06"]

1. e4 c5 2. Nf3 e6 3. d4 cxd4 4. Nxd4 Nc6 5. Nc3 Qc7 6. Be3 a6 7. Qd2 Nf6
8. O-O-O Be7 9. f3 h5 10. h3 b5 11. Bd3 Ne5 12. Kb1 Bb7 13. g4 d6 14. Rhg1
hxg4 15. hxg4 Nfd7 16. g5 Nc5 17. Rh1 Rxh1 18. Rxh1 O-O-O 19. b4 Kb8 20.
Rc1 g6 21. Ka1 Ncd7 22. Ncxb5 axb5 23. Nxb5 Qc6 24. Na7 Qa4 25. Bb5 Qa3 26.
f4 Nc5 27. bxc5 dxc5 28. Qe2 Ng4 29. Bg1 Qxc1+ 0-1

[Event "10th EICC"]
[Site "Budva MNE"]
[Date "2009.03.06"]
[Round "1"]
[White "Riazantsev,A"]
[Black "Nestorovic,N"]
[Result "1-0"]
[WhiteElo "2634"]
[BlackElo "2415"]
[EventDate "2009.03.06"]

1. d4 Nf6 2. Nf3 e6 3. c4 Bb4+ 4. Bd2 a5 5. Nc3 d6 6. Qc2 Nc6 7. a3 Bxc3 8.
Bxc3 O-O 9. e4 e5 10. Bd3 Re8 11. d5 Nb8 12. b4 axb4 13. axb4 Rxa1+ 14.
Bxa1 Nh5 15. g3 Na6 16. Bc3 f5 17. Nd2 fxe4 18. Nxe4 Rf8 19. O-O Bh3 20.
Re1 h6 21. Qe2 Nf6 22. Nxf6+ Qxf6 23. f4 Bf5 24. Bxf5 Qxf5 25. fxe5 dxe5
26. Rf1 Qc8 27. Qxe5 Rxf1+ 28. Kxf1 Qh3+ 29. Kg1 Qg4 30. Kf2 Qg6 31. Ke3
Kf7 32. b5 1-0

[Event "10th EICC"]
[Site "Budva MNE"]
[Date "2009.03.06"]
[Round "1"]
[White "Vedmediuc,S"]
[Black "Fedorchuk,S"]
[Result "0-1"]
[WhiteElo "2414"]
[BlackElo "2633"]
[EventDate "2009.03.06"]

1. e4 c5 2. Nf3 e6 3. d4 cxd4 4. Nxd4 a6 5. Nc3 Qc7 6. Be2 b5 7. O-O Bb7 8.
Re1 Be7 9. Bf3 d6 10. a4 bxa4 11. Nd5 exd5 12. exd5 Nd7 13. Nf5 g6 14. Nxe7
Nxe7 15. Bh6 f6 16. Bg4 Ne5 17. Be6 Nf5 18. Bxf5 gxf5 19. f4 Qc5+ 20. Kh1
Rg8 21. fxe5 fxe5 22. Qh5+ Rg6 23. Rad1 Bxd5 24. Rd2 Qc6 25. Qh3 Be4 26.
Be3 O-O-O 27. Kg1 Rd7 28. g3 d5 29. c3 Kb7 30. Bf2 Rh6 31. Qf1 Rg7 32. Rc1
Rxh2 33. Kxh2 Qh6+ 0-1

[Event "10th EICC"]
[Site "Budva MNE"]
[Date "2009.03.06"]
[Round "1"]
[White "Ivanisevic,I"]
[Black "Zueger,B"]
[Result "0-1"]
[WhiteElo "2628"]
[BlackElo "2408"]
[EventDate "2009.03.06"]

1. d4 Nf6 2. Bg5 Ne4 3. Bf4 c5 4. f3 Nf6 5. d5 Nh5 6. Be3 d6 7. Nc3 Nd7 8.
Nh3 g6 9. g4 Nhf6 10. Bg2 Bg7 11. O-O Ne5 12. Qc1 b5 13. Bh6 Bxh6 14. Qxh6
b4 15. Nd1 e6 16. e4 exd5 17. exd5 Ng8 18. Qe3 Kf8 19. Ndf2 h5 20. Ng5 Nf6
21. h3 Nxd5 22. Qe4 Nb6 23. f4 Nec4 24. Qe2 Rb8 25. b3 Na3 26. Nfe4 hxg4
27. hxg4 f5 28. Nxc5 dxc5 29. Rad1 Qf6 30. Rfe1 Bd7 31. Rxd7 Nxd7 32. Ne6+
Kg8 33. Bd5 Nb6 34. g5 Qc3 35. Nd8+ Nxd5 36. Qe8+ Kh7 37. Qd7+ Qg7 0-1

[Event "10th EICC"]
[Site "Budva MNE"]
[Date "2009.03.06"]
[Round "1"]
[White "Panic,Ne"]
[Black "Nepomniachtchi,I"]
[Result "0-1"]
[WhiteElo "2407"]
[BlackElo "2628"]
[EventDate "2009.03.06"]

1. f4 d5 2. Nf3 g6 3. e3 Bg7 4. d4 Nh6 5. c4 c5 6. dxc5 O-O 7. cxd5 Qa5+ 8.
Nc3 Qxc5 9. Qb3 e6 10. Bd2 exd5 11. Qxd5 Qe7 12. Qg5 Qe6 13. Qc5 Na6 14.
Bxa6 Qxa6 15. Kf2 b6 16. Qa3 Ng4+ 17. Kg3 Qxa3 18. bxa3 Nxe3 19. Ne5 Nf5+
20. Kf2 Rd8 21. Rhd1 Bf8 22. Ne4 Rd4 23. Nf6+ Kh8 24. g4 Bc5 25. Ke1 Kg7
26. Ne8+ Kf8 27. Nc7 Re4+ 28. Kf1 Nh4 29. Rac1 Rb8 30. f5 Rxe5 0-1

[Event "10th EICC"]
[Site "Budva MNE"]
[Date "2009.03.06"]
[Round "1"]
[White "Belov,Vl"]
[Black "Cvetkovic,Sr"]
[Result "1/2-1/2"]
[WhiteElo "2627"]
[BlackElo "2407"]
[EventDate "2009.03.06"]

1. e4 c5 2. Nf3 e6 3. d4 cxd4 4. Nxd4 a6 5. Bd3 g6 6. O-O Bg7 7. c3 Nc6 8.
Nxc6 dxc6 9. Be3 e5 10. a4 Be6 11. Na3 Nf6 12. f3 b5 13. Nc2 O-O 14. Nb4
Qc8 15. axb5 cxb5 16. Ra5 Nd7 17. Bc2 Rd8 18. Qa1 Nc5 19. Rd1 Rxd1+ 20.
Qxd1 Bf8 21. Ra1 Nd7 1/2-1/2

[Event "10th EICC"]
[Site "Budva MNE"]
[Date "2009.03.06"]
[Round "1"]
[White "Talla,V"]
[Black "Van Wely,L"]
[Result "0-1"]
[WhiteElo "2407"]
[BlackElo "2625"]
[EventDate "2009.03.06"]

1. e4 c5 2. Nf3 e6 3. d4 cxd4 4. Nxd4 a6 5. Nc3 Qc7 6. Bd3 Nf6 7. f4 d6 8.
Qf3 b5 9. Be3 Bb7 10. g4 Nc6 11. g5 Nd7 12. O-O-O Be7 13. h4 Nxd4 14. Bxd4
b4 15. Ne2 e5 16. Be3 exf4 17. Nxf4 Ne5 18. Qe2 O-O 19. Kb1 a5 20. Rhg1 a4
21. Bd4 b3 22. cxb3 axb3 23. a3 Nxd3 24. Qxd3 Qc2+ 25. Qxc2 bxc2+ 26. Kxc2
Bxe4+ 27. Kd2 Ra4 28. Ke3 Bb7 29. Kf2 Rc8 30. Rge1 Bf8 31. Re3 g6 32. Kg3
h6 33. b4 Rc2 34. Rdd3 Ra8 35. Rc3 Rd2 36. Rcd3 Ra2 37. Bf6 Bh1 38. Kh3 Bc6
39. Rc3 Bb7 40. Rcd3 Ba6 41. Rc3 Rd2 42. Rc1 Bb7 43. Rcc3 Rd1 44. Rcd3 Rh1+
45. Kg3 Rg1+ 46. Kh3 Rh1+ 47. Kg3 Rg1+ 48. Kh3 Ba6 49. Rd2 Bc8+ 50. Kh2 Rg4
51. Ng2 Bb7 52. Kh3 Bc8 53. Kh2 Bb7 54. Kh3 h5 55. Bb2 d5 56. Rg3 Re4 57.
Re3 Bd6 0-1

[Event "10th EICC"]
[Site "Budva MNE"]
[Date "2009.03.06"]
[Round "1"]
[White "Golubovic,B"]
[Black "Petrosian,TL"]
[Result "1/2-1/2"]
[WhiteElo "2403"]
[BlackElo "2623"]
[EventDate "2009.03.06"]

1. d4 d6 2. e4 Nf6 3. Nc3 g6 4. Be3 c6 5. h3 b5 6. e5 Nfd7 7. exd6 exd6 8.
Qd2 Nf6 9. Bd3 Bg7 10. Bh6 O-O 11. Bxg7 Kxg7 12. Nf3 b4 13. Ne2 c5 14. dxc5
dxc5 15. Qg5 Qc7 16. Nd2 h6 17. Qh4 Bb7 18. O-O Nbd7 19. Nc4 Nb6 20. Qg3
Qxg3 21. Nxg3 Bd5 22. Ne3 Be6 23. Ba6 Rfd8 24. a3 Rab8 25. axb4 cxb4 26.
Rfe1 Rd6 27. Ngf1 Rc6 28. Red1 Nbd7 29. Rd4 Ne5 30. Be2 Rc5 31. Rd6 a5 32.
Ra6 Nc6 33. Bf3 Nd4 34. Bd1 Rbb5 35. c3 bxc3 36. bxc3 Nb3 37. Bxb3 Bxb3 38.
Nd2 a4 39. c4 Rb8 40. Rxf6 Kxf6 41. Ne4+ Ke5 42. Nxc5 Kd4 43. Nxb3+ axb3
44. Kf1 Kc3 45. Ke2 f5 46. Rb1 f4 47. Nd1+ Kxc4 48. Rc1+ Kb4 49. Rc6 Re8+
50. Kd2 Rd8+ 51. Kc1 g5 52. Rb6+ Ka3 53. Ra6+ Kb4 54. Rxh6 Rc8+ 55. Kb1 Rd8
56. Kc1 Re8 57. Kd2 Rd8+ 58. Ke2 Re8+ 59. Kf1 Rd8 60. Rb6+ Kc4 61. Ke2 Re8+
62. Kd2 Rd8+ 63. Kc1 Rc8 64. Kd2 Rd8+ 65. Kc1 Rc8 66. Nb2+ Kd4+ 67. Kb1 Rc2
68. Nd1 Kc4 69. Rc6+ Kd3 70. Rxc2 bxc2+ 71. Kc1 cxd1=Q+ 72. Kxd1 Ke4 73.
Kc2 Kd4 74. Kd2 Ke4 75. Kc3 Kd5 76. Kd3 Ke5 77. Kc3 Kd5 78. Kd3 Ke5 79. g3
fxg3 80. fxg3 Kd5 81. Ke3 Ke5 82. Kf2 Kf6 83. Kg2 Ke5 84. Kf3 Kf5 85. Ke3
Ke5 86. g4 Kd5 87. Kf3 Ke5 88. Kg3 Kf6 89. Kf2 Ke6 90. Ke2 Kd6 91. Kf3 Ke5
92. Ke2 Ke4 93. Kf2 Kf4 94. Kg2 Ke5 95. Kf3 Kf6 96. Ke4 Ke6 1/2-1/2

[Event "10th EICC"]
[Site "Budva MNE"]
[Date "2009.03.06"]
[Round "1"]
[White "Khalifman,A"]
[Black "Kojovic,D"]
[Result "1-0"]
[WhiteElo "2622"]
[BlackElo "2403"]
[EventDate "2009.03.06"]

1. d4 Nf6 2. c4 g6 3. Nc3 d5 4. cxd5 Nxd5 5. Bd2 Nb6 6. Bf4 Bg7 7. e3 O-O
8. Nf3 c5 9. dxc5 Bxc3+ 10. bxc3 Qxd1+ 11. Rxd1 N6d7 12. Bg5 Re8 13. Bb5 a6
14. Ba4 f6 15. Bh6 Nc6 16. Bb3+ e6 17. Nd4 Nxc5 18. Bc2 Ne7 19. e4 Rd8 20.
Be3 b6 21. Rb1 Rd6 22. Nf3 e5 23. Bxc5 bxc5 24. Bb3+ Kf8 25. Nd2 Rb8 26.
Nc4 Rd8 27. Ke2 Bd7 28. Rhd1 Bb5 29. Rxd8+ Rxd8 30. a4 Be8 31. Bc2 Bf7 32.
Bd3 Be8 33. Rb6 Bxa4 34. Rxf6+ Kg7 35. Re6 Ng8 36. Nxe5 Bb5 37. Rb6 Re8 38.
Bxb5 Rxe5 39. Bc6 Ne7 40. Kd3 a5 41. Bb5 g5 42. Rb7 Kf6 43. Bc4 g4 44. f4
gxf3 45. gxf3 Kg5 46. Rb8 Ng6 47. Ke3 a4 48. Ra8 Kh6 49. Rxa4 Rh5 50. Ra2
Ne5 51. Be6 Kg7 52. h3 Rh6 53. Ra7+ Kf8 54. Bf5 Rd6 55. Rxh7 Nf7 56. Kf4
Kg8 57. e5 1-0

[Event "10th EICC"]
[Site "Budva MNE"]
[Date "2009.03.06"]
[Round "1"]
[White "Yilmaz,M"]
[Black "Pashikian,A"]
[Result "1/2-1/2"]
[WhiteElo "2400"]
[BlackElo "2621"]
[EventDate "2009.03.06"]

1. e4 e5 2. Bc4 Nf6 3. d3 Nc6 4. Nf3 Bc5 5. Nc3 a6 6. Bg5 h6 7. Bxf6 Qxf6
8. Nd5 Qd8 9. c3 d6 10. d4 Ba7 11. h3 O-O 12. O-O Re8 13. Re1 Be6 14. a4
exd4 15. cxd4 Ne7 16. Qb3 Nxd5 17. Bxd5 Rb8 18. Rac1 Qd7 19. Rcd1 Bxd5 20.
exd5 Bb6 21. Qb4 a5 22. Qc4 Kf8 23. Qc2 g6 24. b3 Kg7 25. Kf1 Rbc8 26. Rc1
Re7 27. Rxe7 Qxe7 28. Qd3 Qf6 29. Qe4 Kf8 30. Re1 c5 31. dxc6 Rxc6 32. Qd3
Kg7 33. Rd1 Qf5 34. Qxf5 gxf5 35. Ke2 Rc2+ 1/2-1/2

[Event "10th EICC"]
[Site "Budva MNE"]
[Date "2009.03.06"]
[Round "1"]
[White "Lysyj,I"]
[Black "Certic,B"]
[Result "1-0"]
[WhiteElo "2620"]
[BlackElo "2398"]
[EventDate "2009.03.06"]

1. d4 e6 2. c4 Bb4+ 3. Bd2 a5 4. Nf3 d6 5. Nc3 Nf6 6. Qc2 Nc6 7. a3 Bxc3 8.
Bxc3 d5 9. e3 Ne4 10. Bd3 f5 11. O-O O-O 12. b4 Bd7 13. b5 Ne7 14. Bb2 a4
15. cxd5 exd5 16. Rab1 Rf6 17. Ne5 Be8 18. f3 Nd6 19. Bc3 Nec8 20. Be1 Rh6
21. Bg3 Nb6 22. Rfc1 c6 23. bxc6 Bxc6 24. Nxc6 bxc6 25. Bxd6 Qxd6 26. g3
Nc8 27. Rb4 Qe6 28. Re1 f4 29. gxf4 Ne7 30. Kh1 Rf8 31. Qf2 Nf5 32. Rxa4
Nh4 33. Qg3 Qe7 34. Rb4 Re6 35. Rb3 g6 36. Bb1 Nf5 37. Bxf5 Rxf5 38. Rc3 c5
39. Rxc5 Rxe3 40. Rc8+ Rf8 41. Rxf8+ Kxf8 42. Rb1 Qxa3 43. f5 Rb3 44. Rxb3
Qxb3 45. Qd6+ Kg7 46. Qe5+ Kh6 47. Kg2 Qc2+ 48. Kg3 Qd1 49. Qe3+ Kg7 50.
Qe5+ Kh6 51. Qe3+ Kg7 52. Kf4 Qc2 53. Qe7+ Kh6 54. Qh4+ Kg7 55. f6+ Kf7 56.
Qxh7+ Kxf6 57. Qh4+ Kf7 58. Kg3 Qe2 59. Qh7+ Kf6 60. Qh8+ Kf7 61. Qe5 Qa2
62. h4 Kg8 63. Qf6 Kh7 64. Qf7+ Kh8 65. h5 gxh5 66. Qxh5+ Kg7 67. Qg5+ Kf7
68. Qe5 Kg6 69. f4 Qb3+ 70. Kh4 Kf7 71. f5 Qf3 72. Qe6+ Kf8 73. Qh6+ Kg8
74. Qg5+ Kf8 75. Qg4 Qe3 76. Kh5 Qe8+ 77. Kg5 Qe3+ 78. Qf4 Qg1+ 79. Kf6
Qg7+ 80. Ke6 Qf7+ 81. Kd6 Qb7 82. Qh6+ Kg8 83. Qg6+ Kf8 84. Qf6+ 1-0

[Event "10th EICC"]
[Site "Budva MNE"]
[Date "2009.03.06"]
[Round "1"]
[White "Nikac,P"]
[Black "Mchedlishvili,M"]
[Result "1/2-1/2"]
[WhiteElo "2395"]
[BlackElo "2619"]
[EventDate "2009.03.06"]

1. e4 c5 2. Nf3 e6 3. d4 cxd4 4. Nxd4 a6 5. Bd3 Ne7 6. O-O Nbc6 7. Nxc6
Nxc6 8. f4 Be7 9. Nd2 d6 10. Nf3 O-O 11. Qe1 Qb6+ 12. Kh1 Nb4 13. b3 Nxd3
14. cxd3 Bd7 15. Bb2 Rac8 16. Qg3 f6 17. Nd4 e5 18. Nf3 Rc2 19. Bc1 Qa5 20.
Bd2 Qc7 21. a4 Rf7 22. Rac1 Bf8 23. d4 Rxc1 24. Rxc1 Qb6 25. fxe5 dxe5 26.
dxe5 Qxb3 27. exf6 Rxf6 28. Bc3 Rg6 29. Qf4 Bxa4 30. Nh4 Rc6 31. Rf1 Rc8
32. Bd4 Bb5 33. Nf5 Qe6 34. Rf3 h6 35. Bxg7 Bxg7 36. Rg3 Kh8 37. Rxg7 Bd3
38. Re7 Qf6 39. e5 Qg6 40. Nxh6 Be4 41. Ng4 Qxg4 42. Qf6+ Kg8 43. Qf7+ Kh8
44. Qf6+ 1/2-1/2

[Event "10th EICC"]
[Site "Budva MNE"]
[Date "2009.03.06"]
[Round "1"]
[White "Sakaev,K"]
[Black "Kreisl,R"]
[Result "1/2-1/2"]
[WhiteElo "2619"]
[BlackElo "2394"]
[EventDate "2009.03.06"]

1. d4 d5 2. c4 c6 3. Nf3 Nf6 4. e3 Bg4 5. h3 Bxf3 6. Qxf3 e6 7. Nc3 Nbd7 8.
Bd3 Bb4 9. O-O O-O 10. a3 Bxc3 11. bxc3 Nb6 12. c5 Nbd7 13. c4 Re8 14. Qd1
e5 15. cxd5 Nxd5 16. Qc2 h6 17. dxe5 Nxe5 18. Be2 Qe7 19. Bb2 Nd7 20. Rac1
Rad8 21. Rfd1 N7f6 22. Bf3 Ne4 23. g3 Ndf6 24. Rxd8 Rxd8 25. Bd4 Ng5 26.
Bg2 Ne6 27. Be5 Ne8 28. h4 Qd7 29. Rb1 Qe7 30. Rc1 Qd7 31. Bh3 Qd5 32. Bb2
N8c7 33. Bf1 Qd2 34. Qb3 Na6 35. Bxa6 bxa6 36. Qc3 Qxc3 37. Bxc3 Rd3 38.
Kf1 Nxc5 39. Bxg7 Kxg7 40. Rxc5 Rxa3 41. Rxc6 Ra2 42. Kg2 h5 43. Kf3 f6 44.
e4 a5 45. Rc5 Kg6 46. Rc6 Kg7 47. Rc5 Kg6 48. e5 fxe5 49. Rxe5 a4 50. Rg5+
Kh6 51. Ra5 a3 52. Ra6+ Kg7 53. Rxa7+ Kg6 54. Ra6+ Kg7 55. Ke3 Kh7 56. Kf3
Kg7 57. Ra4 Kg6 58. Kg2 Kg7 59. g4 hxg4 60. Rxg4+ Kh6 61. Ra4 Ra1 62. Ra5
a2 63. Kh2 Kg6 64. Kg2 Kh6 65. f4 Kg6 66. Ra6+ Kf5 67. h5 Kxf4 68. h6 Rb1
69. Rxa2 1/2-1/2

[Event "10th EICC"]
[Site "Budva MNE"]
[Date "2009.03.06"]
[Round "1"]
[White "Atakisi,U"]
[Black "Potkin,V"]
[Result "1/2-1/2"]
[WhiteElo "2393"]
[BlackElo "2613"]
[EventDate "2009.03.06"]

1. e4 c5 2. Nf3 e6 3. d4 cxd4 4. Nxd4 a6 5. Nc3 b5 6. Bd3 d6 7. O-O Nf6 8.
a3 Be7 9. Kh1 Bb7 10. f4 Nbd7 11. Qf3 Nc5 12. b4 Nxd3 13. cxd3 Rc8 14. Bb2
O-O 15. Qg3 Qd7 16. Nd5 Bxd5 17. exd5 exd5 18. Rfe1 Rfe8 19. h3 Bf8 20. Qf3
h5 21. Qg3 Rxe1+ 22. Rxe1 Re8 23. Rc1 Nh7 1/2-1/2

[Event "10th EICC"]
[Site "Budva MNE"]
[Date "2009.03.06"]
[Round "1"]
[White "Papaioannou,I"]
[Black "Pilaj,H"]
[Result "1-0"]
[WhiteElo "2609"]
[BlackElo "2393"]
[EventDate "2009.03.06"]

1. d4 d5 2. Nf3 Nf6 3. c4 c6 4. e3 Bg4 5. Qb3 Qb6 6. Nc3 Bxf3 7. gxf3 e6 8.
e4 Qxb3 9. axb3 Bb4 10. e5 Nfd7 11. Bd2 a5 12. f4 Na6 13. cxd5 cxd5 14. f5
O-O 15. Bb5 Nab8 16. f6 Nc6 17. Rg1 g6 18. Ne2 Bxd2+ 19. Kxd2 Rfc8 20. Rgc1
Nb6 21. Bxc6 bxc6 22. Nf4 a4 23. bxa4 Nxa4 24. b3 Nb6 25. Rxa8 Nxa8 26. Nd3
Kf8 27. h4 Ke8 28. h5 Nb6 29. hxg6 hxg6 30. Rh1 Nd7 31. Rh8+ Nf8 32. Nc5
Ra8 33. Ke3 Ra1 34. Nb7 1-0

[Event "10th EICC"]
[Site "Budva MNE"]
[Date "2009.03.06"]
[Round "1"]
[White "Berbatov,K"]
[Black "Lupulescu,C"]
[Result "0-1"]
[WhiteElo "2392"]
[BlackElo "2608"]
[EventDate "2009.03.06"]

1. e4 c6 2. d4 d5 3. e5 Bf5 4. Nc3 Qb6 5. g4 Bd7 6. Bg2 e6 7. Na4 Qc7 8. f4
Na6 9. Be3 h5 10. h3 c5 11. Nxc5 Nxc5 12. dxc5 Bxc5 13. Bxc5 Qxc5 14. Ne2
hxg4 15. hxg4 Rxh1+ 16. Bxh1 Qb4+ 17. Kf2 Qxb2 18. c4 Ne7 19. Rb1 Qxa2 20.
cxd5 exd5 21. Rxb7 Bxg4 22. Bf3 Bxf3 23. Kxf3 Qa3+ 24. Kg4 Qa6 25. Rb2 Rc8
26. f5 Nxf5 27. Kxf5 Qg6+ 28. Kf4 Qe4+ 29. Kg3 Qxe5+ 30. Kf2 Qxb2 0-1

[Event "10th EICC"]
[Site "Budva MNE"]
[Date "2009.03.06"]
[Round "1"]
[White "Lekic,D"]
[Black "Mikhalevski,V"]
[Result "0-1"]
[WhiteElo "2390"]
[BlackElo "2608"]
[EventDate "2009.03.06"]

1. d4 Nf6 2. c4 e6 3. Nc3 d5 4. Nf3 Nbd7 5. Bg5 Bb4 6. cxd5 exd5 7. e3 c5
8. Bd3 Qa5 9. Qc2 c4 10. Bf5 O-O 11. O-O Re8 12. Nd2 g6 13. Bxd7 Nxd7 14.
h4 b5 15. a3 Bxc3 16. bxc3 Nb6 17. f3 Na4 18. Rac1 Nb6 19. Ra1 Na4 20. Rac1
f6 21. Bf4 Qd8 22. e4 f5 23. Bg5 Qd6 24. Ra1 Qf8 25. Bf4 Bb7 26. e5 a5 27.
h5 Bc6 28. hxg6 hxg6 29. Kf2 Ra7 30. Rh1 Ree7 31. Bg5 Rh7 32. e6 Rxh1 33.
Rxh1 Qxa3 34. Bf6 Rg7 35. Bxg7 Kxg7 36. Nb1 Qb2 37. Rc1 b4 38. Kg3 Qxc2 39.
Rxc2 Kf6 40. Re2 Be8 41. e7 b3 42. f4 Nb6 43. Re5 a4 44. Kf2 Nc8 45. Rxd5
Kxe7 46. Re5+ Kf7 47. Ke3 Nd6 48. Ra5 Ke7 49. d5 Kd8 50. Kd4 Kc7 51. Ke5
Kb6 52. Kxd6 Kxa5 53. Ke7 Kb6 54. d6 Kc5 55. Na3 Bc6 56. g3 Kd5 57. d7 Bxd7
58. Kxd7 b2 59. Ke7 Ke4 60. Nxc4 b1=N 61. Kf6 Nxc3 62. Kxg6 Ne2 0-1

[Event "10th EICC"]
[Site "Budva MNE"]
[Date "2009.03.06"]
[Round "1"]
[White "Wojtaszek,R"]
[Black "Rasulov,Vu"]
[Result "0-1"]
[WhiteElo "2608"]
[BlackElo "2391"]
[EventDate "2009.03.06"]

1. d4 Nf6 2. Nf3 c5 3. d5 g6 4. c4 b5 5. cxb5 a6 6. bxa6 Bxa6 7. Nc3 d6 8.
g3 Bg7 9. Bg2 O-O 10. O-O Nbd7 11. Qc2 Qa5 12. Rd1 Rfb8 13. Rb1 Ne8 14. Bd2
Nc7 15. a4 Qb6 16. b3 Ne5 17. Nxe5 Bxe5 18. Be3 Qa5 19. Na2 Bc8 20. Bd2 Qa6
21. Nb4 cxb4 22. Qxc7 Qxe2 23. Qd8+ Kg7 24. Qxe7 Bf5 25. Rbc1 Re8 26. Qh4
Bb2 27. Qxb4 Bxc1 28. Rxc1 Kg8 29. Re1 Qd3 30. Be3 Be4 31. Bxe4 Rxe4 32.
Qxd6 Qxb3 33. a5 Qc3 34. Rc1 Qxa5 35. Qc6 Rd8 36. d6 Qe5 37. Rd1 Qe6 38.
Qb6 Rd7 39. Qb8+ Kg7 40. Qb6 f6 41. Kg2 h5 42. Rd3 h4 43. f3 Rc4 44. Qb3
h3+ 45. Kf2 Qf7 46. g4 Rc6 47. Qxf7+ Kxf7 48. Bf4 Rc2+ 49. Kg3 Ke6 50. Re3+
Kd5 51. g5 Rh7 52. Rd3+ Kc4 53. Rd2 Rxd2 54. Bxd2 f5 55. Ba5 Kd5 56. Bc7
Ke6 57. Kf4 Rh5 58. Kg3 Kd7 59. Kf4 Rh7 60. Kg3 Rh8 61. Kf4 Ra8 62. Kg3 Ra3
63. Kf4 Ra1 64. Kg3 Rf1 65. Bb8 f4+ 66. Kxh3 Rxf3+ 67. Kg4 Rf1 68. Ba7 f3
69. Kg3 Ra1 70. Be3 Ra2 71. h3 Kxd6 72. Kxf3 Ke5 73. Bc5 Kf5 74. h4 Ra4 75.
Be7 Rxh4 76. Bf6 Rh3+ 77. Kg2 Kg4 78. Kf2 Kf4 79. Kg2 Ra3 80. Kf2 Ra2+ 81.
Kg1 Kf3 82. Be7 Kg3 83. Bd6+ Kh3 84. Be7 Rg2+ 85. Kf1 Kh2 86. Bd6+ Kh1 87.
Be7 Rb2 88. Bd8 Rd2 89. Bf6 Rc2 90. Be7 Kh2 91. Bd6+ Kh3 92. Be7 Kg3 93.
Bf6 Rc1+ 94. Ke2 Kg2 0-1

[Event "10th EICC"]
[Site "Budva MNE"]
[Date "2009.03.06"]
[Round "1"]
[White "Todorovic,GN"]
[Black "Macieja,B"]
[Result "1/2-1/2"]
[WhiteElo "2389"]
[BlackElo "2607"]
[EventDate "2009.03.06"]

1. Nf3 d5 2. d4 Nf6 3. c4 e6 4. Nc3 dxc4 5. e3 a6 6. a4 c5 7. Bxc4 Nc6 8.
O-O Be7 9. Qe2 cxd4 10. Rd1 e5 11. exd4 exd4 12. Nxd4 Nxd4 13. Qe5 Qd6 14.
Qxd6 Bxd6 15. Rxd4 Bc5 16. Rd1 O-O 17. h3 Be6 18. Bxe6 fxe6 19. Be3 Bxe3
20. fxe3 Rad8 21. a5 Kf7 22. Rxd8 Rxd8 23. Ra4 Rc8 24. Ne4 Rc1+ 25. Kh2
Nxe4 26. Rxe4 Rc5 27. Rb4 Rxa5 28. Rxb7+ Kf6 29. Kg3 h5 30. h4 g5 31. hxg5+
Rxg5+ 32. Kf3 Rf5+ 33. Kg3 Rg5+ 34. Kf3 1/2-1/2

[Event "10th EICC"]
[Site "Budva MNE"]
[Date "2009.03.06"]
[Round "1"]
[White "Berg,E"]
[Black "Marinkovic,Sl"]
[Result "0-1"]
[WhiteElo "2606"]
[BlackElo "2388"]
[EventDate "2009.03.06"]

1. e4 e6 2. d4 d5 3. Nc3 Nf6 4. e5 Nfd7 5. f4 c5 6. Nf3 Nc6 7. Be3 cxd4 8.
Nxd4 Bc5 9. Qd2 O-O 10. O-O-O a6 11. Nb3 b6 12. h4 Bb7 13. Rh3 Rc8 14. h5
Bb4 15. g4 Nc5 16. Nxc5 bxc5 17. a3 Qa5 18. axb4 Nxb4 19. Kb1 d4 20. Bc4
Rfd8 21. Qe1 dxc3 22. Rxd8+ Rxd8 23. Bc1 Rd4 24. Qxc3 Be4 25. Bd2 Rxd2 26.
Qxd2 Bxc2+ 27. Qxc2 Nxc2 28. Kxc2 Qa4+ 29. b3 Qa2+ 30. Kc3 Qf2 31. Rd3 Kf8
32. f5 exf5 33. gxf5 Qe1+ 34. Kc2 Qf2+ 35. Kc3 Qxf5 36. Rd5 Qf3+ 37. Kb2
Ke7 38. Ka3 Qe3 39. Ka4 g5 40. hxg6 hxg6 41. Ka5 g5 42. Kb6 g4 43. Kc6 Qe4
44. Kc7 Qd4 45. Kc6 g3 46. Bf1 Qe4 47. Kxc5 Qf3 48. Bh3 Qc3+ 0-1

[Event "10th EICC"]
[Site "Budva MNE"]
[Date "2009.03.06"]
[Round "1"]
[White "Tomic,Bos"]
[Black "Parligras,M"]
[Result "1/2-1/2"]
[WhiteElo "2384"]
[BlackElo "2605"]
[EventDate "2009.03.06"]

1. e4 c5 2. Nf3 d6 3. d4 cxd4 4. Nxd4 Nf6 5. Nc3 g6 6. Be2 Bg7 7. O-O O-O
8. Re1 Nc6 9. Nb3 a6 10. Bf1 b5 11. a3 Bb7 12. Nd5 Nxd5 13. exd5 Ne5 14. a4
b4 15. a5 Qd7 16. Re4 e6 17. dxe6 fxe6 18. Rxb4 Rf7 1/2-1/2

[Event "10th EICC"]
[Site "Budva MNE"]
[Date "2009.03.06"]
[Round "1"]
[White "Kotronias,V"]
[Black "Georgiadis,I"]
[Result "0-1"]
[WhiteElo "2603"]
[BlackElo "2383"]
[EventDate "2009.03.06"]

1. e4 e5 2. Nf3 Nc6 3. Bc4 Bc5 4. b4 Bxb4 5. c3 Be7 6. d4 Na5 7. Nxe5 Nxc4
8. Nxc4 d5 9. exd5 Qxd5 10. Ne3 Qa5 11. O-O Nf6 12. a4 O-O 13. c4 Re8 14.
d5 Bc5 15. Na3 Qc3 16. Ra2 Qe5 17. Bb2 Qf4 18. Qa1 Ng4 19. Nxg4 Bxg4 20.
Bxg7 Re2 21. Rxe2 Bxe2 22. Be5 Qf5 23. Rc1 Bxa3 24. Re1 Qd3 25. Bxc7 Bb4
26. Qf6 Re8 27. Be5 Rxe5 28. Qxe5 Bxe1 29. Qg5+ Qg6 30. Qe3 Bb4 31. Qxe2
Qb1+ 32. Qf1 Qxf1+ 33. Kxf1 Kf8 34. Ke2 Ke7 35. Kd3 Kd6 36. Ke4 Kc5 37. Kd3
Ba5 38. g4 h6 39. h4 Bd8 40. h5 f5 41. gxf5 Bf6 0-1